LEADER 00865nam a22002291i 4500 001 991004059479707536 005 20040715140148.0 008 040802s1941 it |||||||||||||||||ita 035 $ab13166608-39ule_inst 035 $aARCHE-111921$9ExL 040 $aBiblioteca Interfacoltà$bita$cA.t.i. Arché s.c.r.l. Pandora Sicilia s.r.l. 082 04$a941.084 245 03$aLa crisi dell'Impero Britannico 260 $aRoma :$bIstituto Nazionale di Cultura Fascista,$c1941 300 $a46 p. ;$c22 cm 440 0$aQuaderni di divulgazione ;$v2 907 $a.b13166608$b02-04-14$c05-08-04 912 $a991004059479707536 945 $aLE002 SP 300/002$g1$i2002000381033$lle002$nC. 1$o-$pE0.00$q-$rn$so $t0$u0$v0$w0$x0$y.i1380618x$z05-08-04 996 $aCrisi dell'impero britannico$9205119 997 $aUNISALENTO 998 $ale002$b05-08-04$cm$da $e-$fita$git $h3$i1 LEADER 01322nam2 2200301 i 450 001 RMG0024521 005 20251003044336.0 010 $a8814061459 100 $a20210409d1997 ||||0itac50 ba 101 | $aita 102 $ait 181 1$6z01$ai $bxxxe 182 1$6z01$an 183 1$6z01$anc$2RDAcarrier 200 1 $aˆ2: ‰Testi e materiali 210 $aMilano$cGiuffrè$d©1997 215 $aP. 606-1481$d25 cm. 462 1$1001RMG0024519$12001 $aˆI ‰contratti collettivi di comparto$eministeri, enti pubblici non economici, regioni, autonomie locali, aziende ed amministrazioni autonome dello Stato, sanita, scuola, universita, istituzioni ed enti di ricerca$v2 676 $a344.018$9$v20 676 $a344.45018904135$9DIRITTO DEL LAVORO. CONTRATTAZIONE COLLETTIVA E VERTENZE SINDACALI. AMMINISTRAZIONE PUBBLICA. ITALIA$v21 702 1$aCarinci$b, Franco$3CFIV004288 801 3$aIT$bIT-000000$c20210409 850 $aIT-BN0095 $aIT-AV0007 $aIT-NA0438 912 $aRMG0024521 950 2$aBiblioteca Centralizzata di Ateneo$cv. 1 in 3 tomi - 2 in 2 tomi$d 01GUERRAZZI C 0169$e 0101 0000095415 VMA (2.2 v. [2.2]$fA $h20080130$i20080130 977 $a 01$a AV$a BD 996 $aTesti e materiali$91402001 997 $aUNISANNIO